Регионална библиотека "Любен Каравелов" - Русе

История на деветнадесетия век (Запис номер 432212)

MARC детайли
000 -Лидер
Контролно поле с фиксирана дължина nam a22 a 4500
003 - Код на организацията, давaща контролен номер
Контролно поле BLK
005 - Дата и час на последна редакция
Контролно поле 20210917120907.0
008 - Елементи от данни с фиксирана дължина
fixed length control field 200316b bul|||||r ||||||| ||bul||
040 ## - Източник на каталожния запис
Идентификатор на билиотеката - собственик на записа BLK
041 ## - Код за език
Код за езика на текст/звукозапис или на отделно заглавие Български
Код за езика КДБФ Български
080 ## - УДК
Текстов определител УДК История на отделните европейски държави
УДК код - определител по УДК 941/949
УДК - код + определител 941/949
100 ## - Редна дума - Автор
Автор Каролиди, Павел
Авторска отговорност първи автор
R(LIN) 464325
139 ## - Редно поле
Редна дума Каролидис, Павлос
245 10 - Сведения за заглавието
Заглавие История на деветнадесетия век
Подзаглавни данни Т. 1 - 2
Редно поле (дума) Павел Каролиди; прев. от гр. Д. В. Македонски;
257 ## - Страна на издаване
Страна на създаване/издаване България
260 ## - Област на издателските данни
Място на издаване, разпространение и проч. София
Година на издаване 1896
Печатница София : Св. Кирил и Методий
9 (RLIN) 464327
300 ## - Физическа характеристика
Страници 668, LХII, Х с. ; ХV, 744 с.
Размери/Мащаб 23 см
380 ## - Жанр
Жанр История
490 ## - СЕРИИ (Колекции)
9 (RLIN) 435080
Име на серия Колекция Редки и ценни издания
505 ## - Форматирана забележка
Заглавие Съдържа: Т. 1: От 1814-1830 година; Т. 2: От 1830-1856 г.
650 #0 - Допълнително описание по предмет – тема
9 (RLIN) 396464
Основно описание – тема или топоним История
700 ## - Други автори (авторска отговорност)
Лично име Македонски, Димитър Василев
Автороска отговорност (Описва отношението между автора и произведението) прев.
9 (RLIN) 324669
700 1# - Други автори (авторска отговорност)
Лично име Каролиди, Павел
9 (RLIN) 548516
700 1# - Други автори (авторска отговорност)
Лично име Каролидис, Павлос
9 (RLIN) 548517
852 ## - Местоположение
Форматна сигнатура Рб 896
Фондова буква Редки и ценни
999 ## - СИСТЕМНИ КОНТРОЛНИ НОМЕРА
Koha biblionumber 432212
Koha biblioitemnumber 432212
942 ## - АРТИКУЛИ
Вид на библиотечния материал Книги
Скрит в OPAC Не
Периодичен библиозапис Да
944 ## - СЪЗДАВАНЕ И РЕДАКЦИЯ на ЗАПИСА
Създаване/Редакция Създаване
Дата на регистрацията/редакция 2021-09-17
Служител, извършил регистрацията/редакцията нр
Наличности
Код за отписване Код за изгубен артикул Източник на класификационната схема Код за повреда Коз за рестрикции Код за отдаване Артикулен № Име на библиотеката - собственик Име на библиотеката, в която се намира в момента Статус (Текущо местоположение) Дата на вписване в системата Местоположение - отдел Цена в лева Инвентарен номер Систематично азбучна сигнатура Баркод Цена в евро Служебен тип на артикула
  Не е изгубен Universal Decimal Classification Не е повреден само за читалня Специални фондове ( старопечатни, редки и ценни, фонд М. Арнаудов) 854109 Регионална библиотека "Любен Каравелов" Русе Регионална библиотека "Любен Каравелов" Русе Редки и ценни 2021-09-23 Редки и ценни 0.86 12923/58 Рб 896 900000078854 0.44 Книги
Vip Innovations Ltd, Rousse, Bulgaria 2025